000 00568cam a22001457a 4500
008 180718b1996 xxu||||| |||| 00| 0 eng d
020 _a0195642279
082 _aY4x5434 P886 (R)
245 _aIllustrated flora of Keoladeo national park Bharatpur, Rajasthan: a general guide to the wetland flora of the gangetic plains
_cby V.P. Prasad...[et.al.]
260 _aMumbai
_bBombay Natural History Society
_c1996
300 _a435p.
650 _aKeoladeo National Park - Bharatpur - Rajasthan - India
650 _aBotany - Bharatpur - Rajasthan
700 _aPrasad, V.P.
999 _c400322
_d400322